Central Library OPAC University of Rajshahi
Normal view MARC view

Entry Topical Term

Number of records used in: 3

001 - CONTROL NUMBER

  • control field: 1382

003 - CONTROL NUMBER IDENTIFIER

  • control field: BD-RjUL

005 - DATE AND TIME OF LATEST TRANSACTION

  • control field: 20220216105206.0

008 - FIXED-LENGTH DATA ELEMENTS

  • fixed length control field: 220216|| aca||aabn | a|a d

040 ## - CATALOGING SOURCE

  • Original cataloging agency: BD-RjUL
  • Transcribing agency: BD-RjUL

150 ## - HEADING--TOPICAL TERM

  • Topical term or geographic name entry element: Reliability (Engineering)
  • General subdivision: Statistical methods

670 ## - SOURCE DATA FOUND

  • Source citation: Work cat.: (BD-RjUL)79396: Ruhi, Sabba 1381, Application of Complex lifetime models for analysis of product reliability Data /, 2016